| 000 | 01376nam a22002777a 4500 | ||
|---|---|---|---|
| 005 | 20200104041620.0 | ||
| 008 | 130220s2011 ck ab gr 00010 spa d | ||
| 020 | _a9789588343648 | ||
| 040 |
_aCO-BoIAVH _cCO-BoIAVH |
||
| 041 | 0 | _aspa | |
| 044 | _ack | ||
| 082 | 0 | 4 |
_a597.74 _bM57r |
| 100 | 1 |
_aMesa-S., Lina M. _92140 |
|
| 245 | 1 | 0 |
_aRevisión del género apistogramma regan 1913 : _b(perciformes, cichlidae) en la cuenca del río Orinoco / _cLina M. Mesa S., Carlos Andrés Lasso Alcalá ; revisión Paula Sánchez-Duarte ; fotografías Anabel Rial ... [et al]. |
| 260 |
_aBogotá _bMinisterio de Ambiente, Vivienda y Desarrollo Territorial : _bInstituto de Investigación de Recursos Biológicos Alexander von Humboldt, _c2011. |
||
| 300 |
_a192 p. : _bil., mapa ; _c24 cm. |
||
| 490 | 0 |
_aSerie recursos hidrobiológicos y pesqueros continentales de Colombia ; _vIII |
|
| 504 | _aIncluye referencias bibliográficas | ||
| 650 | 4 |
_aPeces de agua dulce _z Cuenca del Río Orinoco (Colombia) _962856 |
|
| 650 | 4 |
_aApistogramma _x Clasificación _z Cuenca del Río Orinoco (Colombia) _962858 |
|
| 650 | 4 |
_aApistogramma _x Identificación _z Cuenca del Río Orinoco (Colombia) _962860 |
|
| 650 | 4 |
_aApistogramma _x Anatomía _z Cuenca del Río Orinoco (Colombia) _962862 |
|
| 700 | 1 |
_aLasso, Carlos A. _9242 |
|
| 700 | 1 |
_aRial, Anabel, _efot. _9367 |
|
| 942 |
_2ddc _cImpreso _02 |
||
| 999 |
_c7680 _d7680 |
||